Las rutas del diseño : estudios sobre teoría y práctica /

Colección de nueve artículos de análisis crítico sobre el ámbito del diseño y su interacción con los fenómenos culturales y sociales. Cada autor aporta nuevas visiones a la teoría del diseño y profundiza en la comprensión de la profesión de diseñador.

Spremljeno u:
Bibliografski detalji
Daljnji autori: Margolin, Victor (autor) (autor)
Format: Knjiga
Jezik:španjolski
Izdano: México : Designio, 2003, c2003
Serija:(Designio. Temas)
Teme:
Oznake: Dodaj oznaku
Bez oznaka, Budi prvi tko označuje ovaj zapis!

MARC

LEADER 00000nam^a2200000^a^4500
001 000170858
005 20250521000000.0
009 20260310101324.454
020 |a 968-5374-05-8 
037 |a Acervo ITESO - Biblioteca 
041 |a ESP 
082 |a 745. 4  |b RUT 
245 0 4 |a Las rutas del diseño :  |b estudios sobre teoría y práctica /  |c Victor Margolin... [et. al.]. 
264 4 |a México :  |b Designio,  |c 2003, c2003 
300 |a 130 p. 
336 |a texto  |b txt  |2 rdacontenido 
337 |a sin mediación  |b n  |2 rdamedio 
338 |a volumen  |b nc  |2 rdasoporte 
440 1 |a (Designio.  |p Temas) 
520 |a Colección de nueve artículos de análisis crítico sobre el ámbito del diseño y su interacción con los fenómenos culturales y sociales. Cada autor aporta nuevas visiones a la teoría del diseño y profundiza en la comprensión de la profesión de diseñador. 
649 |a XX 
650 |a Diseño -  |x Historia y Crítica 
650 |a Diseño -  |x Metodología 
650 |a Diseño -  |x Teoría 
650 |a Diseño -  |x Aspectos Sociales y Culturales 
650 |a Diseño 
700 |a Margolin, Victor  |e (autor) 
910 |a Fondo General 
920 |a Impresos - Libros 
930 |a Colección General 
905 |a 101 
901 |a 0500107968  |b IT1  |c ACC  |u 20250521 
901 |a 0500183992  |b IT1  |c ACC  |i C123492  |u 20250521 
902 |a https://opac.biblio.iteso.mx/vufind/Record/000170858